| 000 | 00516nam a2200193 a 4500 | ||
|---|---|---|---|
| 001 | 5987 | ||
| 003 | CDMR | ||
| 005 | 20130314162108.0 | ||
| 008 | 130220s1994||||||||||||||||||||||||||||d | ||
| 020 | _a8486542952 | ||
| 040 |
_aCDMR _bcat _cCDMR |
||
| 100 | 1 |
_aGarcía, Xavier _91176 |
|
| 245 | 1 | 0 |
_aHomenots del sud _cXavier Garcia |
| 260 |
_aTarragona _bEl Mèdol _c1994 |
||
| 300 |
_a249 p ; _c20 cm |
||
| 500 | _aPremi Nacional de Periodisme, 1993 | ||
| 650 |
_aPeriodistes catalans _vBiografies _94 |
||
| 942 |
_cMON _2udc |
||
| 999 |
_c5987 _d5987 |
||